Central Library OPAC University of Rajshahi

Total Quality Management / (Record no. 82178)

MARC details
000 -LEADER
fixed length control field 00695nam a2200241 a 4500
001 - CONTROL NUMBER
control field 82178
003 - CONTROL NUMBER IDENTIFIER
rucl marc code BD-RjUL
005 - DATE AND TIME OF LATEST TRANSACTION
control field 20231026102022.0
008 - FIXED-LENGTH DATA ELEMENTS--GENERAL INFORMATION
fixed length control field 231022s2022 ii ||||| |||| 00| 0 eng d
020 ## - INTERNATIONAL STANDARD BOOK NUMBER
International Standard Book Number 9789354491207
035 ## - SYSTEM CONTROL NUMBER
System control number (BD-RjUL)82178
040 ## - CATALOGING SOURCE
Original cataloging agency BD-RjUL
Language of cataloging eng
Transcribing agency BD-RjUL
041 ## - LANGUAGE CODE
Language code of text/sound track or separate title eng
082 ## - DEWEY DECIMAL CLASSIFICATION NUMBER
Edition number 23
Classification number 658.562
Author mark and year CHT 2022
100 ## - MAIN ENTRY--PERSONAL NAME
Personal name Charantimath, Poornima M.
9 (RLIN) 9732
245 ## - TITLE STATEMENT
Title Total Quality Management /
Statement of responsibility, etc. Poornima M. Charantimath
250 ## - EDITION STATEMENT
Edition statement Fourth Edition
260 ## - PUBLICATION, DISTRIBUTION, ETC. (IMPRINT)
Place of publication, distribution, etc. Uttar Pradesh :
Name of publisher, distributor, etc. Pearson India,
Date of publication, distribution, etc. 2022
300 ## - PHYSICAL DESCRIPTION
Pagination 510 Pages
Illustrations Illustrations;
Size 25 cm.
650 ## - SUBJECT ADDED ENTRY--TOPICAL TERM
Topical term or geographic name as entry element Total quality management
9 (RLIN) 9733
Topical term or geographic name as entry element Quality control
9 (RLIN) 8222
942 ## - ADDED ENTRY ELEMENTS (KOHA)
Source of classification or shelving scheme Dewey Decimal Classification
Koha item type Books
Holdings
Lost status Source of classification or shelving scheme Damaged status Not for loan Collection code Permanent Location Current Location Shelving location Date acquired Source of acquisition Cost, normal purchase price Total Checkouts Full call number Date last seen Copy number Koha item type
  Dewey Decimal Classification   Not For Loan Non-fiction Central Library, University of Rajshahi Central Library, University of Rajshahi Reading Room 16/10/2023 Dhaka : BM Book 915.00   658.562 CHT 2022 26/10/2023 C-1 Books
  Dewey Decimal Classification     Non-fiction Central Library, University of Rajshahi Central Library, University of Rajshahi General Stacks 16/10/2023 Dhaka : BM Book 915.00   658.562 CHT 2022 26/10/2023 C-2 Books
  Dewey Decimal Classification     Non-fiction Central Library, University of Rajshahi Central Library, University of Rajshahi General Stacks 16/10/2023 Dhaka : BM Book 915.00   658.562 CHT 2022 26/10/2023 C-3 Books